[Event "ROM-chT (Women)"]
[Site "Mamaia"]
[Date "2019.09.29"]
[Round "7.11"]
[White "Pelin, Ana Maria"]
[Black "Ciungan, Diana Alexandra"]
[Result "1-0"]
[WhiteElo "1901"]
[BlackElo "1844"]
[PlyCount "119"]
[EventDate "2019.09.21"]
[EventType "team-tourn"]
[EventRounds "7"]
[EventCountry "ROU"]
[SourceTitle "EXT 2020"]
[Source "ChessBase"]
[SourceDate "2019.10.17"]
[SourceVersion "1"]
[SourceVersionDate "2019.10.17"]
[SourceQuality "1"]

1. c4 e6 2. Nc3 d5 3. d4 a6 4. e3 Nf6 5. Nf3 dxc4 6. Bxc4 c5 7. 0-0 Nc6 8. dxc5 Qxd1 9. Rxd1 Bxc5 10. a3 0-0 11. b4 Ba7 12. Bb2 b5 13. Bb3 Bb7 14. Ne2 Rfd8 15. Nf4 Ne7 16. Rac1 Bb6 17. Ne5 Rxd1+ 18. Rxd1 Ned5 19. Nxd5 Bxd5 20. Bxd5 Nxd5 21. Nd7 Bd8 22. Bd4 Bf6 23. Bxf6 Nxf6 24. Nc5 Nd5 25. Kf1 Nb6 26. Nxa6 Kf8 27. Nc7 Rxa3 28. Nxb5 Rb3 29. Nd4 Rb2 30. b5 e5 31. Nc6 f6 32. Rd8+ Kf7 33. Na7 Ra2 34. Rb8 Nd5 35. Nc6 Nc3 36. g3 Rb2 37. b6 Na4 38. b7 Nc5 39. Nd8+ Ke7 40. Rc8 Nxb7 41. Rb8 Nxd8 42. Rxb2 g5 43. Ra2 Kf7 44. Ra4 h5 45. f4 exf4 46. gxf4 gxf4 47. exf4 Kg6 48. Kg2 Ne6 49. Kf3 Ng7 50. Ra5 Nf5 51. Ke4 Nh4 52. f5+ Kg5 53. Ra3 Kh6 54. Rg3 Kh7 55. Rh3 Ng2 56. Rxh5+ Kg7 57. Rh3 Ne1 58. Rg3+ Kf7 59. Kd4 Kf8 60. Kc3 1-0

[Event "ROM-chT (Women)"]
[Site "Mamaia"]
[Date "2019.09.28"]
[Round "6.4"]
[White "Popa, Andrada"]
[Black "Ciungan, Diana Alexandra"]
[Result "0-1"]
[WhiteElo "1653"]
[BlackElo "1844"]
[PlyCount "50"]
[EventDate "2019.09.21"]
[EventType "team-tourn"]
[EventRounds "7"]
[EventCountry "ROU"]
[SourceTitle "EXT 2020"]
[Source "ChessBase"]
[SourceDate "2019.10.17"]
[SourceVersion "1"]
[SourceVersionDate "2019.10.17"]
[SourceQuality "1"]

1. d4 f5 2. c4 Nf6 3. Nc3 g6 4. g3 Bg7 5. Bg2 d6 6. Bg5 0-0 7. Qb3 Nbd7 8. Bxb7 Rb8 9. c5+ Kh8 10. c6 Bxb7 11. cxb7 c5 12. Nf3 Qc7 13. 0-0 Rxb7 14. Qc2 Re8 15. b3 cxd4 16. Nxd4 Rc8 17. Rac1 Nf8 18. Qd2 Qd7 19. Rfd1 Ne6 20. Ncb5 Ne4 21. Rxc8+ Qxc8 22. Qe3 N4xg5 23. h4 Nxd4 24. Nxd4 Ne4 25. Rc1 Rc7 0-1

[Event "ROM-chT (Women)"]
[Site "Sovata"]
[Date "2018.11.28"]
[Round "4.4"]
[White "Cosma, Elena Luminita"]
[Black "Ciungan, Diana Alexandra"]
[Result "1-0"]
[WhiteElo "2338"]
[BlackElo "1863"]
[PlyCount "43"]
[EventDate "2018.11.25"]
[EventType "team-tourn"]
[EventRounds "7"]
[EventCountry "ROU"]
[SourceTitle "CBM 187 Extra"]
[Source "ChessBase"]
[SourceDate "2018.11.04"]
[SourceVersion "1"]
[SourceVersionDate "2018.11.04"]
[SourceQuality "1"]
[WhiteTeam "Timisoara Medicina (W)"]
[BlackTeam "Sanandrei (W)"]
[WhiteTeamCountry "ROU"]
[BlackTeamCountry "ROU"]

1. d4 Nf6 2. Nf3 c5 3. d5 b5 4. Bg5 Qb6 5. Bxf6 Qxf6 6. c3 d6 7. e4 a6 8. Qc2 Nd7 9. a4 Rb8 10. axb5 axb5 11. Ra5 b4 12. Bb5 bxc3 13. Nxc3 e6 14. Ra7 Qd8 15. Qa4 Be7 16. 0-0 Rb7 17. Rxb7 Bxb7 18. e5 Bc8 19. exd6 Bxd6 20. dxe6 fxe6 21. Ne4 Qc7 22. Bxd7+ 1-0

[Event "ROM-ch U20 Girls"]
[Site "Calimanesti Caciulata"]
[Date "2018.03.30"]
[Round "4"]
[White "Stanciu, Ioana Georgiana"]
[Black "Ciungan, Diana Alexandra"]
[Result "1-0"]
[WhiteElo "1999"]
[BlackElo "1913"]
[PlyCount "81"]
[EventDate "2018.03.27"]
[EventType "tourn"]
[EventRounds "7"]
[EventCountry "ROU"]
[SourceTitle "EXT 2019"]
[Source "ChessBase"]
[SourceDate "2018.10.10"]
[SourceVersion "1"]
[SourceVersionDate "2018.10.10"]
[SourceQuality "1"]

1. e4 e6 2. d4 d5 3. Nc3 Bb4 4. a3 Bf8 5. e5 b6 6. Nf3 Ne7 7. Bd3 Ba6 8. Bxa6 Nxa6 9. Qd3 Qc8 10. 0-0 Nf5 11. Re1 Be7 12. Kh1 Qb7 13. Nxd5 Qxd5 14. Qxa6 0-0 15. Qd3 Rad8 16. c4 Qd7 17. d5 Nh4 18. Ng5 Ng6 19. Qh3 Bxg5 20. Bxg5 exd5 21. Bxd8 Qxd8 22. cxd5 Qxd5 23. Rad1 Qb5 24. Qc3 c5 25. h3 Nf4 26. b4 Ne6 27. Rd5 cxb4 28. Qd2 Qc4 29. axb4 h6 30. Rd7 Ra8 31. Ra1 a5 32. Qd5 Qc8 33. Qb7 Qf8 34. Rxf7 Qxf7 35. Qxa8+ Kh7 36. Qe4+ Kg8 37. Qa8+ Kh7 38. Qe4+ Kg8 39. Kg1 axb4 40. Ra8+ Nf8 41. Qxb4 1-0

[Event "ROM-chT (Women)"]
[Site "Baile Govora"]
[Date "2017.11.14"]
[Round "4.3"]
[White "Ciungan, Diana Alexandra"]
[Black "Sandu, Mihaela"]
[Result "1/2-1/2"]
[WhiteElo "1903"]
[BlackElo "2275"]
[PlyCount "64"]
[EventDate "2017.11.11"]
[EventType "team-tourn"]
[EventRounds "9"]
[EventCountry "ROU"]
[SourceTitle "CBM 181 Extra"]
[Source "ChessBase"]
[SourceDate "2017.12.12"]
[SourceVersion "1"]
[SourceVersionDate "2017.12.12"]
[SourceQuality "1"]
[WhiteTeam "Sanandrei (W)"]
[BlackTeam "Timisoara Medicina (W)"]
[WhiteTeamCountry "ROU"]
[BlackTeamCountry "ROU"]

1. c4 Nf6 2. g3 g6 3. Bg2 Bg7 4. Nc3 d6 5. Nf3 0-0 6. d4 Nbd7 7. 0-0 e5 8. d5 a5 9. Re1 Nc5 10. e4 Bd7 11. h3 c6 12. Bg5 h6 13. dxc6 Bxc6 14. Bxf6 Qxf6 15. Nd5 Qd8 16. b3 Bxd5 17. Qxd5 Qb6 18. Rab1 Qb4 19. Red1 Ra6 20. Ne1 Qa3 21. Qd2 Ne6 22. Qb2 Qxb2 23. Rxb2 h5 24. h4 Bh6 25. Nc2 Rd8 26. Rbb1 Rb6 27. Rd5 a4 28. Ra5 axb3 29. Rxb3 Ra6 30. Rxa6 bxa6 31. Rb6 Nc5 32. Nb4 a5 1/2-1/2

[Event "ROM-chT (Women)"]
[Site "Calimanesti Caciulata"]
[Date "2016.11.25"]
[Round "5.1"]
[White "Bucur, Denisa Andreea"]
[Black "Ciungan, Diana Alexandra"]
[Result "1-0"]
[WhiteElo "1835"]
[BlackElo "1871"]
[PlyCount "87"]
[EventDate "2016.11.21"]
[EventType "team-tourn"]
[EventRounds "7"]
[EventCountry "ROU"]
[SourceTitle "EXT 2018"]
[Source "ChessBase"]
[SourceDate "2017.10.13"]
[SourceVersion "1"]
[SourceVersionDate "2017.10.13"]
[SourceQuality "1"]
[WhiteTeam "Bucharest CSM (W)"]
[BlackTeam "Timisoara CSS (W)"]
[WhiteTeamCountry "ROU"]
[BlackTeamCountry "ROU"]

1. d4 f5 2. Nf3 g6 3. c4 Bg7 4. Nc3 Nf6 5. Bf4 d6 6. e3 0-0 7. c5 c6 8. Bc4+ d5 9. Be2 Ne4 10. Qc2 Nd7 11. 0-0 Qe8 12. b4 e5 13. dxe5 Nxe5 14. Nd4 h6 15. f3 Nxc3 16. Qxc3 Bd7 17. Rab1 g5 18. Bg3 f4 19. exf4 gxf4 20. Bf2 Qg6 21. Kh1 Rae8 22. b5 Ng4 23. Rbe1 Nxf2+ 24. Rxf2 Qf6 25. Rd1 Re3 26. Qb4 Rfe8 27. Bf1 Qh4 28. Kg1 cxb5 29. Nxb5 Bxb5 30. Qxb5 d4 31. Qxb7 R3e7 32. Qd5+ Kh8 33. Rc1 Re5 34. Qc4 R5e7 35. c6 Rc7 36. Qd5 Rd8 37. Qe4 d3 38. Rd2 Bd4+ 39. Kh1 Be3 40. Qe5+ Kg8 41. Qxc7 Bxd2 42. Rd1 Be3 43. Qe5 Qg5 44. Qe6+ 1-0

[Event "ROM-chT (Women)"]
[Site "Calimanesti Caciulata"]
[Date "2016.11.24"]
[Round "4.1"]
[White "Sgircea, Silvia Raluca"]
[Black "Ciungan, Diana Alexandra"]
[Result "1-0"]
[WhiteElo "2281"]
[BlackElo "1871"]
[PlyCount "71"]
[EventDate "2016.11.21"]
[EventType "team-tourn"]
[EventRounds "7"]
[EventCountry "ROU"]
[SourceTitle "EXT 2018"]
[Source "ChessBase"]
[SourceDate "2017.10.13"]
[SourceVersion "1"]
[SourceVersionDate "2017.10.13"]
[SourceQuality "1"]
[WhiteTeam "Bucharest CSM (W)"]
[BlackTeam "Timisoara CSS (W)"]
[WhiteTeamCountry "ROU"]
[BlackTeamCountry "ROU"]

1. Nf3 Nf6 2. c4 g6 3. g3 Bg7 4. Bg2 0-0 5. 0-0 d6 6. d4 Nc6 7. Nc3 e5 8. d5 Ne7 9. c5 Ne8 10. cxd6 cxd6 11. Nd2 f5 12. Nc4 Nc7 13. a4 h6 14. Nb5 Nxb5 15. axb5 b6 16. Bd2 Bb7 17. Bb4 Rf6 18. Nxe5 a5 19. bxa6 Bxa6 20. Nc6 Qc7 21. Bc3 Rf7 22. Bxg7 Rxg7 23. Nd4 Qc4 24. Ra4 Qc8 25. Ne6 Rf7 26. Qd2 Bb7 27. Rh4 Rh7 28. Rc1 Qb8 29. Rxh6 Bc8 30. Rxh7 Kxh7 31. Qg5 Ra7 32. Qh4+ Kg8 33. Ng5 Kf8 34. Qh6+ Ke8 35. Qh8+ Kd7 36. Nf7 1-0

[Event "ROM-chT (Women)"]
[Site "Calimanesti Caciulata"]
[Date "2016.11.23"]
[Round "3.4"]
[White "Sandu, Mihaela"]
[Black "Ciungan, Diana Alexandra"]
[Result "1/2-1/2"]
[WhiteElo "2207"]
[BlackElo "1871"]
[PlyCount "67"]
[EventDate "2016.11.21"]
[EventType "team-tourn"]
[EventRounds "7"]
[EventCountry "ROU"]
[SourceTitle "EXT 2018"]
[Source "ChessBase"]
[SourceDate "2017.10.13"]
[SourceVersion "1"]
[SourceVersionDate "2017.10.13"]
[SourceQuality "1"]
[WhiteTeam "Timisoara Medicina (W)"]
[BlackTeam "Timisoara CSS (W)"]
[WhiteTeamCountry "ROU"]
[BlackTeamCountry "ROU"]

1. e4 e5 2. Nf3 Nc6 3. Bc4 Nf6 4. d3 h6 5. 0-0 d6 6. c3 g6 7. Re1 Bg7 8. Nbd2 0-0 9. d4 Nh5 10. Nf1 Kh7 11. dxe5 Nxe5 12. Be2 Nf6 13. Ng3 b6 14. Nd4 Bb7 15. f4 Ned7 16. Bf3 Re8 17. e5 Bxf3 18. Qxf3 c5 19. Bd2 cxd4 20. exf6 dxc3 21. Bxc3 Nxf6 22. Rxe8 Nxe8 23. Bxg7 Kxg7 24. f5 Rc8 25. fxg6 fxg6 26. Rf1 Qe7 27. Qg4 Rc5 28. b4 Rg5 29. Qd4+ Qe5 30. Qc4 d5 31. Qc6 Qe7 32. Qc3+ Qe5 33. Qc8 Qe7 34. Qc3+ 1/2-1/2

[Event "ROM-chT (Women)"]
[Site "Calimanesti Caciulata"]
[Date "2016.11.21"]
[Round "1.3"]
[White "L'Ami, Alina"]
[Black "Ciungan, Diana Alexandra"]
[Result "1-0"]
[WhiteElo "2341"]
[BlackElo "1871"]
[PlyCount "55"]
[EventDate "2016.11.21"]
[EventType "team-tourn"]
[EventRounds "7"]
[EventCountry "ROU"]
[SourceTitle "EXT 2018"]
[Source "ChessBase"]
[SourceDate "2017.10.13"]
[SourceVersion "1"]
[SourceVersionDate "2017.10.13"]
[SourceQuality "1"]
[WhiteTeam "Iasi Politehnica (W)"]
[BlackTeam "Timisoara CSS (W)"]
[WhiteTeamCountry "ROU"]
[BlackTeamCountry "ROU"]

1. d4 Nf6 2. c4 e6 3. Nc3 c5 4. d5 exd5 5. cxd5 d6 6. e4 g6 7. f4 Bg7 8. Bb5+ Nbd7 9. e5 dxe5 10. fxe5 Nh5 11. e6 Qh4+ 12. g3 Nxg3 13. hxg3 Qxh1 14. Be3 a6 15. exd7+ Bxd7 16. Bxd7+ Kxd7 17. Qf3 Qxf3 18. Nxf3 Bxc3+ 19. bxc3 Rhe8 20. Kd2 c4 21. Rh1 Kd6 22. Rxh7 Kxd5 23. Rxf7 Rf8 24. Rf4 Rxf4 25. Bxf4 Rh8 26. a3 Rh1 27. Kc2 Ra1 28. Bc1 1-0

[Event "Braila Albulet Memorial (Women) 9th"]
[Site "Braila"]
[Date "2016.11.11"]
[Round "8"]
[White "Ciungan, Diana Alexandra"]
[Black "Balan, Briana Cleopatra"]
[Result "1-0"]
[WhiteElo "1871"]
[BlackElo "1788"]
[PlyCount "85"]
[EventDate "2016.11.05"]
[EventType "swiss"]
[EventRounds "9"]
[EventCountry "ROU"]
[SourceTitle "CBM 175 Extra"]
[Source "ChessBase"]
[SourceDate "2016.12.12"]
[SourceVersion "1"]
[SourceVersionDate "2016.12.12"]
[SourceQuality "1"]

1. e4 c5 2. Nf3 e6 3. b3 Nc6 4. Bb2 Nf6 5. e5 Ng4 6. h3 Nh6 7. Nc3 a6 8. Bd3 d5 9. exd6 Bxd6 10. Ne4 Nf5 11. Nxd6+ Nxd6 12. a3 b5 13. Qe2 f6 14. 0-0 0-0 15. Nh4 f5 16. Nf3 Nf7 17. Qe3 Qd5 18. c4 bxc4 19. Bxc4 Qd6 20. Qc3 Nd4 21. Nxd4 cxd4 22. Qxd4 Qxd4 23. Bxd4 Rd8 24. Bc3 Nd6 25. Be2 Bb7 26. Rfe1 Bd5 27. b4 Ne4 28. b5 axb5 29. Bxb5 Nd6 30. Bf1 Ra4 31. Bb4 Nc4 32. Rec1 Ne5 33. Bb5 Raa8 34. a4 Rab8 35. Ba5 Rdc8 36. Bc7 Rxb5 37. axb5 Nc4 38. b6 Nxd2 39. Rd1 Nb3 40. Rxd5 Nxa1 41. b7 Re8 42. Rd8 Rxd8 43. Bxd8 1-0

[Event "ROM-ch U18 Girls"]
[Site "Calimanesti Caciulata"]
[Date "2016.04.25"]
[Round "9"]
[White "Ciungan, Diana Alexandra"]
[Black "Cimpean, Andra"]
[Result "0-1"]
[WhiteElo "1866"]
[BlackElo "1897"]
[PlyCount "80"]
[EventDate "2016.04.18"]
[EventType "swiss"]
[EventRounds "9"]
[EventCountry "ROU"]
[SourceTitle "EXT 2017"]
[Source "ChessBase"]
[SourceDate "2016.10.25"]
[SourceVersion "1"]
[SourceVersionDate "2016.10.25"]
[SourceQuality "1"]

1. e4 d5 2. exd5 Qxd5 3. Nc3 Qd6 4. d4 c6 5. Nge2 Bf5 6. Bf4 Qb4 7. a3 Qb6 8. Na4 Qd8 9. Ng3 Bg6 10. Nc5 Qb6 11. Qg4 e6 12. Nxe6 fxe6 13. Qxe6+ Ne7 14. Bc4 c5 15. Bd6 cxd4 16. 0-0-0 Nbc6 17. Rhe1 Qd8 18. Bc5 Qd7 19. Qe2 Qc7 20. Kb1 0-0-0 21. b4 b6 22. Ba6+ Kb8 23. b5 bxc5 24. bxc6 Qxc6 25. Ka1 Nc8 26. Rb1+ Nb6 27. Qc4 Bd6 28. Ne2 Be5 29. Nc3 Rhe8 30. Rb5 dxc3 31. Reb1 Kc7 32. Qb3 Bd4 33. a4 Qe6 34. Qa3 Bxc2 35. a5 Bxb1 36. Rxc5+ Bxc5 37. Qxc5+ Qc6 38. axb6+ axb6 39. Qb4 Qc5 40. Qf4+ Re5 0-1

[Event "ROM-ch (Women)"]
[Site "Olanesti"]
[Date "2016.04.06"]
[Round "5"]
[White "Ciungan, Diana Alexandra"]
[Black "Peptan, Corina Isabela"]
[Result "0-1"]
[WhiteElo "1866"]
[BlackElo "2421"]
[PlyCount "72"]
[EventDate "2016.04.02"]
[EventType "swiss"]
[EventRounds "9"]
[EventCountry "ROU"]
[SourceTitle "CBM 171 Extra"]
[Source "ChessBase"]
[SourceDate "2016.04.26"]
[SourceVersion "1"]
[SourceVersionDate "2016.04.26"]
[SourceQuality "1"]

1. e4 e6 2. d4 d5 3. Nd2 c5 4. Bb5+ Nc6 5. Ngf3 Nf6 6. Ne5 Qb6 7. exd5 Qxb5 8. c4 Qa5 9. dxc6 cxd4 10. f4 bxc6 11. Nxc6 Qb6 12. Ne5 Bc5 13. 0-0 0-0 14. Qb3 Qc7 15. Kh1 Bb7 16. Qd3 Rfd8 17. Rb1 a5 18. a3 a4 19. b4 axb3 20. Rxb3 Ne8 21. Ne4 Bxe4 22. Qxe4 Nd6 23. Qc6 Rdc8 24. Qxc7 Rxc7 25. Bb2 h5 26. h3 h4 27. Rc1 Nf5 28. Nd3 f6 29. Rb5 Bxa3 30. Ra1 Rca7 31. Kg1 Bxb2 32. Rxa7 Rxa7 33. Nxb2 Ra1+ 34. Kf2 Ng3 35. Kf3 f5 36. Nd3 Ra3 0-1

[Event "Braila Albulet Memorial (Women) 8th"]
[Site "Braila"]
[Date "2015.09.14"]
[Round "7"]
[White "Ciungan, Diana Alexandra"]
[Black "Cosman, Andreea Marioara"]
[Result "1/2-1/2"]
[WhiteElo "1806"]
[BlackElo "2104"]
[PlyCount "52"]
[EventDate "2015.09.10"]
[EventType "swiss"]
[EventRounds "9"]
[EventCountry "ROU"]
[SourceTitle "EXT 2016"]
[Source "ChessBase"]
[SourceDate "2015.10.08"]
[SourceVersion "1"]
[SourceVersionDate "2015.10.08"]
[SourceQuality "1"]

1. e4 c5 2. Nf3 d6 3. d4 cxd4 4. Nxd4 Nf6 5. Nc3 a6 6. Bc4 e6 7. Bb3 b5 8. 0-0 Be7 9. Qf3 Qb6 10. Be3 Qb7 11. Qg3 b4 12. Na4 Nbd7 13. f3 0-0 14. Ne2 Rb8 15. c3 a5 16. Rac1 Ne5 17. cxb4 axb4 18. Nb6 Bd7 19. Nxd7 Qxd7 20. Rfd1 Rfc8 21. Qe1 Rxc1 22. Nxc1 Qb5 23. Qf1 Qb7 24. Nd3 Nfd7 25. Nxe5 Nxe5 26. Bf4 Ng6 1/2-1/2

[Event "Braila Albulet Memorial (Women) 8th"]
[Site "Braila"]
[Date "2015.09.14"]
[Round "6"]
[White "Coman, Emilia Florentina"]
[Black "Ciungan, Diana Alexandra"]
[Result "0-1"]
[WhiteElo "1769"]
[BlackElo "1806"]
[PlyCount "42"]
[EventDate "2015.09.10"]
[EventType "swiss"]
[EventRounds "9"]
[EventCountry "ROU"]
[SourceTitle "EXT 2016"]
[Source "ChessBase"]
[SourceDate "2015.10.08"]
[SourceVersion "1"]
[SourceVersionDate "2015.10.08"]
[SourceQuality "1"]

1. d4 Nf6 2. Nf3 c5 3. d5 d6 4. Nc3 g6 5. e4 Bg7 6. Bb5+ Nbd7 7. a4 0-0 8. 0-0 h6 9. Re1 Ne8 10. Ne2 Rb8 11. a5 a6 12. Bd3 b5 13. axb6 Rxb6 14. c3 Qc7 15. Nd2 Ne5 16. Bc2 c4 17. f4 Ng4 18. Nd4 e5 19. fxe5 dxe5 20. Nc6 Rxc6 21. dxc6 Qb6+ 0-1

[Event "Braila Albulet Memorial (Women) 8th"]
[Site "Braila"]
[Date "2015.09.11"]
[Round "3"]
[White "Ciungan, Diana Alexandra"]
[Black "Makropoulou, Marina"]
[Result "1/2-1/2"]
[WhiteElo "1806"]
[BlackElo "2129"]
[PlyCount "86"]
[EventDate "2015.09.10"]
[EventType "swiss"]
[EventRounds "9"]
[EventCountry "ROU"]
[SourceTitle "EXT 2016"]
[Source "ChessBase"]
[SourceDate "2015.10.08"]
[SourceVersion "1"]
[SourceVersionDate "2015.10.08"]
[SourceQuality "1"]

1. e4 c5 2. Nf3 e6 3. d4 cxd4 4. Nxd4 Nc6 5. Nb5 d6 6. c4 Nf6 7. N1c3 a6 8. Na3 b6 9. g3 Bb7 10. Bg2 Be7 11. 0-0 Rb8 12. Be3 0-0 13. Qe2 Ba8 14. Rfd1 Nd7 15. f4 Qe8 16. Nc2 Qc8 17. Rac1 Re8 18. Bf2 Bf8 19. Ne3 Qc7 20. a3 Rbd8 21. h3 Qb8 22. Kh2 g6 23. Rf1 Bg7 24. Qd2 Nd4 25. Rcd1 b5 26. cxb5 axb5 27. Ng4 e5 28. fxe5 dxe5 29. Nh6+ Bxh6 30. Qxh6 Nc5 31. Bxd4 Rxd4 32. Qe3 Ne6 33. Ne2 Rxd1 34. Rxd1 Rd8 35. Qb3 Rxd1 36. Qxd1 Qc7 37. Qd3 Qc4 38. Qxc4 bxc4 39. Nc3 Nc5 40. Bf1 Nxe4 41. Nxe4 Bxe4 42. Bxc4 Kf8 43. Kg1 f5 1/2-1/2

[Event "Braila Albulet Memorial (Women) 8th"]
[Site "Braila"]
[Date "2015.09.10"]
[Round "1"]
[White "Ciungan, Diana Alexandra"]
[Black "Zarkovic, Mila"]
[Result "1/2-1/2"]
[WhiteElo "1806"]
[BlackElo "2205"]
[PlyCount "95"]
[EventDate "2015.09.10"]
[EventType "swiss"]
[EventRounds "9"]
[EventCountry "ROU"]
[SourceTitle "EXT 2016"]
[Source "ChessBase"]
[SourceDate "2015.10.08"]
[SourceVersion "1"]
[SourceVersionDate "2015.10.08"]
[SourceQuality "1"]

1. e4 c5 2. Nf3 e6 3. d4 cxd4 4. Nxd4 a6 5. c4 Nc6 6. a3 Bc5 7. Nb3 Be7 8. Nc3 d6 9. Be2 Nf6 10. Be3 b6 11. 0-0 Bb7 12. f3 0-0 13. Kh1 Rc8 14. Bg1 Nd7 15. Rc1 Nc5 16. Qc2 Bf6 17. Rcd1 Qe7 18. Nd4 Nxd4 19. Bxd4 Bxd4 20. Rxd4 e5 21. Rd2 Ne6 22. Qd1 Nd4 23. Bd3 Rcd8 24. Ne2 Ne6 25. Re1 g6 26. Nc3 Nd4 27. Ne2 Ne6 28. Nc3 Rc8 29. Qb3 Rc6 30. Nd5 Qd8 31. Qd1 Kh8 32. Bf1 Qg5 33. Nb4 Rcc8 34. Rxd6 Rfd8 35. Rxd8+ Rxd8 36. Nd5 h5 37. Qc1 Qxc1 38. Rxc1 Rd6 39. Kg1 Kg7 40. Rc3 a5 41. Rb3 Bxd5 42. cxd5 Nd4 43. Rc3 Kf6 44. Kf2 Ke7 45. g3 Rd8 46. Ke3 Kd6 47. f4 f6 48. h4 1/2-1/2

[Event "ROM-ch (Women)"]
[Site "Calimanesti"]
[Date "2015.04.23"]
[Round "6"]
[White "Porcoleanu, Doina Olga"]
[Black "Ciungan, Diana Alexandra"]
[Result "0-1"]
[WhiteElo "1604"]
[BlackElo "1724"]
[PlyCount "42"]
[EventDate "2015.04.18"]
[EventType "swiss"]
[EventRounds "9"]
[EventCountry "ROU"]
[SourceTitle "CBM 166 Extra"]
[Source "ChessBase"]
[SourceDate "2015.06.18"]
[SourceVersion "1"]
[SourceVersionDate "2015.06.18"]
[SourceQuality "1"]

1. d4 Nf6 2. Nf3 e6 3. g3 b6 4. Bg2 Bb7 5. 0-0 Be7 6. c4 0-0 7. Nc3 Ne4 8. Qd3 Nxc3 9. bxc3 f5 10. d5 Na6 11. Be3 Qe8 12. Bd4 Bf6 13. dxe6 dxe6 14. Be5 Bxe5 15. Nxe5 Nc5 16. Qe3 Bxg2 17. Kxg2 Rd8 18. Rfd1 Qa4 19. Rxd8 Rxd8 20. Qg5 Qe8 21. Nc6 Qxc6+ 0-1

[Event "ROM-ch (Women)"]
[Site "Calimanesti"]
[Date "2015.04.19"]
[Round "2"]
[White "Pancu, Aureliana Eugenia"]
[Black "Ciungan, Diana Alexandra"]
[Result "1-0"]
[WhiteElo "1970"]
[BlackElo "1724"]
[PlyCount "79"]
[EventDate "2015.04.18"]
[EventType "swiss"]
[EventRounds "9"]
[EventCountry "ROU"]
[SourceTitle "CBM 166 Extra"]
[Source "ChessBase"]
[SourceDate "2015.06.18"]
[SourceVersion "1"]
[SourceVersionDate "2015.06.18"]
[SourceQuality "1"]

1. Nf3 d5 2. d4 e6 3. g3 Bd6 4. Bg2 f5 5. c4 c6 6. Qc2 Nf6 7. 0-0 0-0 8. b3 Ne4 9. Nc3 Nd7 10. Bb2 Qf6 11. e3 g5 12. Ne2 h5 13. h4 Rf7 14. hxg5 Nxg5 15. Nxg5 Qxg5 16. f4 Qg6 17. Kf2 Rg7 18. Rh1 Be7 19. Rag1 Nf6 20. Bf3 Ng4+ 21. Bxg4 Qxg4 22. Ke1 Bd7 23. Kd2 Kf7 24. Qd1 Rh8 25. Qf1 Qg6 26. Nc1 Rhg8 27. Nd3 Qh6 28. Ne5+ Ke8 29. Bc3 Rxg3 30. Rxg3 Rxg3 31. Qf2 Qg7 32. Kd3 h4 33. Be1 Kd8 34. Qd2 Rg1 35. Qa5+ Kc8 36. Qxa7 Rxe1 37. Rxe1 Bb4 38. Rd1 Kc7 39. c5 h3 40. Qb6+ 1-0